000 00631nam a2200265Ia 4500
005 20260121170015.0
008 008 260114s9999 xx 000 0 eng d
020 _a9783319238807
037 _aEBOOK
040 _aCRL
040 _beng
040 _cCRL
041 _2eng
041 _aeng
084 _qCRL
100 _aMarius Grundmann
_91058676
245 4 _aThe Physics of Semiconductors
260 _bSpringer
260 _bSpringer
260 _c2016
856 _uhttps://link.springer.com/openurl?genre=book&isbn=978-3-319-23880-7
942 _cEBOOK
999 _c1624405
_d1624405